000 01015nam a2200289Ia 4500
003 OSt
005 20221005092619.0
006 a|||||r|||| 00| 0
007 ta
008 221004b |||||||| |||| 00| 0 eng d
020 _a9781138321991 (hbk)
_cUKP 115.00
024 _a65767
037 _bBBS/61, 18/02/2020, Better Book Service
_cTextual
040 _aCRL
_cCRL
_beng
041 _2eng
_aeng
082 _aO111:g(Y15), Q9
100 _aPellicer - Ortin Silvia Ed.
_9617590
245 0 _aWomen on the move
_b body, memory and femininity in present - day transnational diasporic writing
260 _aNew York
_bRoutledge USA
_c2019
300 _axx,266p.
_ccm.
490 _aRoutledge studies in contemporary literature
650 _a WOMEN
650 _aENGLISH LITERATURE
700 _a Tofantsuk Julia Ed.
_9617591
942 _hO111:g(Y15), Q9
_cTEXL
_2cc
999 _c999115
_d999115